Statistics for かつて鉄道事業を行っていたバス会社

Click here to take the quiz!

General Stats

  • This quiz has been taken 62 times
  • The average score is 13 of 38

Answer Stats

地方現社名鉄道事業撤退旧社名% Correct
北海道旭川電気軌道1956年
83%
十和田観光電鉄2012年
75%
じょうてつ1969年定山渓鉄道
68%
新潟交通1999年
65%
下北交通2001年
58%
夕張鉄道1974年
50%
関東茨城交通2008年
45%
九州大分交通1975年
43%
下津井電鉄1991年
43%
中国サンデン交通1971年山陽電気軌道
40%
九十九里鉄道1961年
40%
宮崎交通1962年
40%
東濃鉄道1978年
38%
中部越後交通1995年
38%
加越能バス2002年加越能鉄道
38%
近畿有田鉄道2003年
38%
北海道拓殖バス1968年北海道拓殖鉄道
35%
三重交通1964年
35%
江若交通1969年江若鉄道
35%
東北秋田中央交通1969年
33%
羽後交通1973年
33%
鞆鉄道1954年
33%
庄内交通1975年
30%
両備ホールディングス1962年両備バス
30%
士別軌道1959年
30%
山梨交通1962年
28%
頸城自動車1971年頸城鉄道
28%
中鉄バス1944年中国鉄道
28%
北恵那交通1978年北恵那鉄道
25%
蒲原鉄道1999年
25%
船木鉄道1961年
20%
草軽交通1962年草軽電気鉄道
18%
日ノ丸自動車1967年
15%
熊本バス1964年熊延鉄道
15%
てんてつバス1967年天塩炭礦鉄道
8%
淡路交通1966年
8%
あつまバス1951年早来鉄道
5%
千葉交通1946年成田鉄道
3%

Score Distribution

Percentile by Number Answered

Percent of People with Each Score

Your Score History

You have not taken this quiz